| 000 | 00515nam a2200169Ia 4500 | ||
|---|---|---|---|
| 999 |
_c19975 _d19975 |
||
| 003 | OSt | ||
| 005 | 20200609094936.0 | ||
| 008 | 190216s9999||||xx |||||||||||||| ||und|| | ||
| 020 | _a0861879066 | ||
| 040 | _coclc | ||
| 082 |
_a320.55095491 _bAHM/C |
||
| 100 |
_aAhmed, Ishtiaq _92649 |
||
| 245 | 4 |
_aThe Concept Of An Islamic State / _c Ishtiaq Ahmed |
|
| 260 |
_bFrances Pinter Publishers, _c1987. _aLondon: |
||
| 300 | _a231p | ||
| 942 |
_cBK _2ddc _h320.55095491 _iAHM/C _k320.55095491 _mAHM/C |
||